000 00664nam a2200229Ia 4500
005 20240304112112.0
008 131103s9999 xx 000 0 und d
020 _a876927002
_cRs.79
040 _aLoreto College
041 _aEnglish
082 _a371.26
_bEBE
100 _aEbel,Robert L.
245 _aEssentials of Educational Measurement,
_cRobert L.Ebel and David A.Frisbie
250 _a5th ed.
260 _aNew Delhi
_bPrentice - Hall of India
_c1991
300 _axii,370 p.
504 _aIncludes bibliographical references and index
650 _aEducational Psychology
700 _aFrisbie,David A.
850 _aLCLIB
942 _cBK
999 _c10868
_d61347